000 00224nam a2200097Ia 4500
008 230508s1990 xx 000 0 und d
041 _aeng
100 _aMICROSOFT.
245 _aMICROSOFT MACRO ASSEMBLER 5.0
260 _c1990
999 _c320159
_d320159